| 000 | 00736nac a22002171u 4500 | ||
|---|---|---|---|
| 010 | _a013715774 | ||
| 020 | _a9780750668989 (pbk.) | ||
| 022 | _a0750668989 (pbk.) | ||
| 082 |
_a658.8 _bPAL |
||
| 090 |
_c8391 _d8391 |
||
| 100 | _aPalmer, Roger (Roger A | ||
| 245 |
_aManaging marketing / _cRoger Palmer, Juanita Cockton, Graham Cooper. |
||
| 260 |
_aAmsterdam ; London : _bButterworth-Heinemann, C.2007. _cC.2007. |
||
| 300 |
_axi, 380 p. : _bill. ; _c25 cm. |
||
| 500 | _aFormerly CIP. Uk | ||
| 500 | _aDistributer: Al-Ahram. | ||
| 504 | _aIncludes bibliographical references and index. | ||
| 511 | _aCatalogued By: Mahitab. | ||
| 650 | _aMarketing -- Management. | ||
| 942 |
_cBB _k658.8 PAL |
||
| 999 |
_c8391 _d8391 |
||